000 01104nac a22002651u 4500
010 _a 00042271
020 _a0471384909 (cloth : alk. paper)
082 0 0 _a381.17028546
_bBUN
090 _c5531
_d5531
100 _aBunnell, David.
245 1 4 _aThe e-Bay phenomenon :
_bbusiness secrets behind the world's hottest Internet company /
_cDavid Bunnell with Richard A. Luecke.
260 _aNew York :
_bWiley,c2000.
_cc2000.
300 _axi, 210 p. :
_bill. ;
_c24 cm.
500 _aDistributer : Al-Ahram.
504 _aIncludds bibliographical references and index.
511 _aCatalogued By : Mahitab.
610 2 0 _aeBay (Firm)
650 0 _aInternet auctions.
700 1 _aLuecke, Richard A.
710 2 _aeBay (Firm)
856 4 2 _3Contributor biographical information
_uhttp://www.loc.gov/catdir/bios/wiley042/00042271.html
856 4 2 _3Publisher description
_uhttp://www.loc.gov/catdir/description/wiley034/00042271.html
856 4 2 _3Table of Contents
_uhttp://www.loc.gov/catdir/toc/onix06/00042271.html
942 _cBB
_k381.17028546BUN
999 _c5531
_d5531